Normal view
MARC view
- Edwards Valdés, Jorge,
Entry Nombre Personal
001 - NUMERO DE CONTROL
- campo de control: 38768
003 - IDENTIFICADOR DE NUMERO DE CONTROL
- campo de control: UPN
005 - FECHA Y HORA DE LA ÜLTIMA TRANSACCIÓN
- campo de control: 20210219194539.0
008 - DATOS DE LONGITUD FIJA
- campo de control de longitud fija: nabaccnnaabn|||||||||| b |nc|||||d
035 ## - NUMERO DE CONTROL
- Número de control: UPN11000010875
040 ## - FUENTE DE CATALOGACIÓN
- Lenguaje de catalogación: SPA
- Agencia de transcripción: UPN
053 #4 - NÚMERO DE CLASIFICACIÓN LC
- Número de clasificación elemento-número único o número inicial de tramo: PQ8098.15 D9
100 1# - ENCABEZAMIENTO - NOMBRE PERSONAL
- Nombre personal: Edwards Valdés, Jorge,
- Fechas asociadas con el nombre: 1931-
400 1# - VEÁSE - NOMBRE DE PERSONA
- Personal name: Edwards, Jorge,
- Dates associated with a name: 1931-
670 ## - FUENTE EN LA QUE SE LOCALIZARON DATOS
- Cita de la fuente: LC/P
680 ## - NOTA PUBLICA DE ACCESO PÚBLICO
- Frase explicativa de la referencia: Escritor, crítico literario, periodista y diplomático chileno
902 ## - CATALOGADOR
- Catalogador: MMA/230616
